Statistics for Countries that border NATO

Click here to take the quiz!

General Stats

  • This quiz has been taken 32 times
    (18 since last reset)
  • The average score is 24 of 28

Answer Stats

Answer% Correct
Andorra
100%
Mexico
100%
Russia
100%
San Marino
100%
Sweden
100%
Ukraine
100%
Vatican City
100%
Armenia
93%
Azerbaijan
93%
Finland
93%
Georgia
93%
Iran
93%
Iraq
93%
Serbia
93%
Switzerland
93%
Syria
93%
Austria
86%
Belarus
86%
Bosnia and Herzegovina
86%
Macedonia
86%
Ireland
79%
Kosovo
79%
Moldova
79%
Monaco
79%
Morocco
64%
Brazil
57%
Suriname
57%
Cyprus
43%

Score Distribution

Percentile by Number Answered

Percent of People with Each Score

Your Score History

You have not taken this quiz since the last reset